| 000 | 004620000a22001930004500 | ||
|---|---|---|---|
| 001 | 004537 | ||
| 003 | MACL | ||
| 005 | 20150822113723.0 | ||
| 008 | 150822b xxu||||| |||| 00| 0 eng d | ||
| 040 |
_aMACL _cMACL |
||
| 041 | _aEnglish | ||
| 082 | _a590/MAJ | ||
| 100 |
_aGoswami, Anuradha _96073 |
||
| 245 |
_aWorld Of Animals _cAnuradha Goswami |
||
| 260 |
_aKolkata _c2006 _bNatun Shatak, |
||
| 350 | _a90 | ||
| 650 |
_aAnimals _96696 |
||
| 942 |
_k590 _cBK _2ddc |
||
| 999 |
_c16426 _d16426 |
||